[Event "II Duchamp Open 2018"]
[Site "Rio de Janeiro"]
[Date "2018.11.14"]
[Round "1"]
[White "Lima, Darcy"]
[Black "Campos, Alexandre Ferreira"]
[Result "0-1"]
[WhiteElo "2550"]
[BlackElo "2076"]
[Annotator "TA"]
[PlyCount "104"]
[EventDate "2018.11.14"]
[EventType "swiss"]
[EventCountry "BRA"]
[SourceTitle "playchess.com"]
[Source "ChessBase"]
[SourceQuality "1"]

{[%evp 16,104,24,20,41,33,63,50,61,68,62,71,86,67,77,25,28,-1,0,0,0,0,0,0,0,0,0,0,0,0,11,-16,-10,-16,0,-10,-12,-9,-12,-12,-10,-13,-7,-10,-12,-35,-12,-12,-13,-7,0,0,0,0,0,0,0,-46,-32,-73,-38,-31,-35,-83,-45,-47,0,0,0,0,0,0,0,0,0,0,0,-338,-338,-330,-326,-283,-324,-312,-283,-601,-576,-29995,0,-522,277]} 1. e4 e5 2. Nf3 Nc6 3. Bb5 a6 4. Ba4 Nf6 5. O-O b5 6. Bb3 Be7 7. d4 d6 8. c3 O-O 9. Nbd2 {[%cal Bb1d2,Bd2f1,Bf1g3][%mdl 32] LiveBook: 20 Games. C84: Closed Ruy Lopez: Unusual White 6th moves} Rb8 (9... Bg4 10. h3 Bh5 11. d5 Na5 12. Bc2 Qd7 13. Re1 c6 14. dxc6 Nxc6 15. Nf1 Bg6 16. Nh4 Rfd8 17. Nxg6 hxg6 {½-½ (71) McShane,L (2696)-Tazbir,M (2555) Warsaw 2013}) 10. h3 Bb7 11. Re1 {White is slightly better.} Nd7 12. Nf1 Bf6 13. Ng3 $146 ({Predecessor:} 13. d5 Ne7 14. Ng3 g6 15. Bh6 Bg7 16. Qd2 Nc8 17. Nh2 Bxh6 18. Qxh6 {1-0 (63) Tsiros,F (2185)-Stamoulas,N (1965) Kavala 2015}) 13... g6 14. Bh6 Re8 15. Qd2 ({White should play} 15. a4 $16) 15... Na5 $11 16. Bc2 Nc4 17. Qc1 exd4 18. cxd4 c5 19. b3 Ncb6 20. Qd2 cxd4 21. Nxd4 d5 22. Rad1 Rc8 23. exd5 Rxe1+ 24. Rxe1 Bxd5 25. Ne4 Bxe4 26. Bxe4 Nc5 27. Nf3 Nxe4 28. Rxe4 Qxd2 29. Nxd2 Nd5 30. a3 Bg7 (30... Nc7 {keeps more tension.} 31. Re1 Ne6 32. a4 Rc2 33. axb5 axb5 34. Ne4 Be5) 31. Bxg7 Kxg7 {[%mdl 4096] Endgame KRN-KRN} 32. Rd4 Ne7 33. g4 Rc3 34. Kg2 f5 35. g5 Kf7 36. Rd7 Ke6 37. Ra7 Nd5 $1 {[%cal Rd5f4] White must now prevent ...Nf4+.} 38. Rxa6+ Ke5 39. Nf3+ Kf4 40. Nd4 Kxg5 {Strongly threatening ...Nf4+.} 41. Ne6+ Kh4 42. Ra7 {[%cal Ra7h7]} h5 43. Rd7 Rd3 {...Nf4+! is the strong threat.} 44. Kg1 Rd1+ 45. Kh2 Rd3 46. Nf8 $2 {[%mdl 8192]} (46. Kg1 $11 {and White has nothing to worry.}) 46... Rxh3+ $19 47. Kg1 {[#]} Nf4 $1 48. Rd4 Kg5 49. Rb4 Rc3 50. Nh7+ $2 {[#]} (50. a4) 50... Kg4 $1 51. Nf6+ Kg5 $2 (51... Kh3 {mates} 52. f3 Kg3 53. Rc4 bxc4 54. Ne4+ fxe4 55. fxe4 Rc1#) 52. Kh2 $2 {[%mdl 8192]} (52. Nh7+ $11 {and White stays safe.} Kg4 53. Rd4) 52... Nd5 $4 {[%mdl 40960] Precision: White = 51%, Black = 53%. . Loss on Time!?} (52... Kxf6 $19 53. Rxf4 Rxb3) 0-1

[Event "II Duchamp Open 2018"]
[Site "Rio de Janeiro"]
[Date "2018.11.14"]
[Round "1"]
[White "Rodriguez Vila, Andres"]
[Black "Dos Santos, Vitor Eduardo Mello"]
[Result "1-0"]
[WhiteElo "2482"]
[BlackElo "2054"]
[Annotator "TA"]
[PlyCount "43"]
[EventDate "2018.11.14"]
[EventType "swiss"]
[EventCountry "BRA"]
[SourceTitle "playchess.com"]
[Source "ChessBase"]
[SourceQuality "1"]

{[%evp 19,43,4,8,-104,-122,-100,-100,-100,-102,-96,-22,-14,0,0,4,-26,0,-12,88,0,310,271,357,366,808,765]} 1. e4 e5 2. Nf3 Nc6 3. Bc4 Bc5 4. O-O Nf6 5. d3 a6 6. a4 {C50: Hungarian Defence and Giuoco Pianissimo} d6 7. c3 Ba7 8. Re1 O-O 9. Bg5 (9. h3 Kh8 10. d4 h6 11. dxe5 Nxe5 12. Nxe5 dxe5 13. Qxd8 Rxd8 14. Nd2 Kg8 15. Nf3 {½-½ (31) Anand,V (2771)-Aronian,L (2780) Batumi 2018}) 9... h6 10. Bh4 g5 {LiveBook: 3 Games} 11. Nxg5 (11. Bg3 $11) 11... hxg5 $17 12. Bxg5 Kg7 $146 ({Predecessor:} 12... Bg4 13. Qc1 Be6 14. Bh4 Kh7 {½-½ (25) Stukopin,A (2590)-Fakhrutdinov,T (2439) Samara 2017}) 13. Qf3 {[#]} Rh8 $1 14. Nd2 {[%cal Bb1d2,Bd2f1,Bf1g3,Bg3f5][%mdl 32]} Qe7 (14... Kg6 $17 15. h4 Be6) 15. Nf1 Be6 16. Ng3 Nb8 17. d4 {d5 is the strong threat.} Nbd7 $1 18. Rad1 Rae8 (18... Rag8 $1 $11 {remains equal.}) 19. Rd3 (19. h3 $16) 19... Qf8 $2 {[%mdl 8192] [#]} (19... Reg8 $11 {and Black stays safe.}) 20. Nf5+ $1 $18 Bxf5 21. Qxf5 {Bxf6+ would kill now.} Nh5 $2 (21... Qe7 22. Rg3 Kf8) 22. Qxd7 {Precision: White = 26%, Black = 35%.} 1-0

[Event "II Duchamp Open 2018"]
[Site "Rio de Janeiro"]
[Date "2018.11.14"]
[Round "1"]
[White "Hoffman, Alejandro"]
[Black "Brito, Vicente De Paulo Al"]
[Result "1/2-1/2"]
[WhiteElo "2479"]
[BlackElo "2044"]
[Annotator "TA"]
[PlyCount "67"]
[EventDate "2018.11.14"]
[EventType "swiss"]
[EventCountry "BRA"]
[SourceTitle "playchess.com"]
[Source "ChessBase"]
[SourceQuality "1"]

{[%evp 20,67,10,0,19,0,35,22,120,113,122,123,117,123,154,158,217,214,229,224,216,207,239,229,301,268,270,262,262,269,268,281,283,291,275,281,295,277,340,330,363,357,420,428,919,920,904,901,885,864]} 1. d4 Nf6 2. c4 g6 3. Nc3 Bg7 4. e4 d6 5. f3 O-O 6. Be3 c5 7. dxc5 dxc5 8. Qxd8 Rxd8 9. Bxc5 Nc6 10. Be3 Be6 {E81: Königsindisch (Sämisch-Angriff)} 11. Rc1 {LiveBook: 6 Partien} Rac8 12. b3 Nd7 $146 {Die Stellung ist ausgeglichen.} ({Vorgänger:} 12... Nb4 13. Nh3 Bxh3 14. gxh3 Nh5 15. Nd5 Nc6 16. Kf2 e6 17. Nf4 Nxf4 18. Bxf4 {½-½ (30) Ma,Q (2629)-Yu,Y (2759) Hangzhou 2018}) 13. Nge2 f5 (13... Nb4 $11 {bleibt in der Remisbreite.}) 14. Nf4 $16 Bf7 15. exf5 gxf5 16. Bd3 e5 17. Nfd5 e4 (17... Bg6 $16 18. O-O Nb6) 18. fxe4 $18 Nde5 19. Be2 fxe4 20. O-O Bg6 21. Rcd1 Re8 22. Nb5 Rf8 23. Nd6 ({Finger weg von} 23. Nxa7 $6 Rxf1+ 24. Rxf1 Nxa7 $16) 23... Rb8 24. Rxf8+ Bxf8 {[#]} 25. Nxe4 $1 {[%mdl 512]} Bxe4 26. Nf6+ Kg7 27. Nxe4 Re8 28. Ng3 a5 29. Rd5 a4 30. Rb5 a3 31. Rxb7+ Re7 (31... Kg8 $142 32. Nh5 Re7) 32. Nf5+ Kf6 33. Nxe7 Bxe7 34. c5 {[%mdl 32768] Precision: Weiß = 76%, Schwarz = 20%. . An unexpected result.} 1/2-1/2

[Event "II Duchamp Open 2018"]
[Site "Rio de Janeiro"]
[Date "2018.11.14"]
[Round "1"]
[White "Perdomo, Leandro"]
[Black "Torella, Rodolfo"]
[Result "1-0"]
[WhiteElo "2476"]
[BlackElo "2036"]
[Annotator "TA"]
[PlyCount "57"]
[EventDate "2018.11.14"]
[EventType "swiss"]
[EventCountry "BRA"]
[SourceTitle "playchess.com"]
[Source "ChessBase"]
[SourceQuality "1"]

{[%evp 14,57,59,53,66,45,99,21,32,36,24,18,54,56,54,67,50,11,83,70,225,217,228,200,203,213,228,228,209,208,271,260,275,275,254,266,247,245,230,253,2448,1175,29991,873,29992,29993]} 1. d4 Nf6 2. c4 g6 3. Nc3 Bg7 4. e4 d6 5. f3 O-O 6. Be3 Na6 7. Nge2 c5 8. Qd2 {LiveBook: 10 Games} Re8 {E81: King's Indian: Sämisch: 6th move deviations (including 6 Be3 c6)} (8... Nb4 9. d5 Nd7 10. a3 Qa5 11. Rc1 Na6 12. Ng3 Re8 13. Be2 Nc7 14. O-O b5 15. cxb5 a6 16. a4 {½-½ (36) Real de Azua,E (2496)-Benedetti,J (2364) Villa Martelli 2018}) 9. d5 e6 (9... Nc7 $14) 10. Ng3 (10. dxe6 $1 $16 Bxe6 11. Nf4) 10... exd5 {The position is equal.} 11. cxd5 h5 12. Bd3 $146 ({Predecessor:} 12. h4 Rb8 13. Be2 Nc7 14. a4 a6 15. a5 b5 16. axb6 Rxb6 17. Bf4 {0-1 (17) Manush,S (2038)-Arat,U (2357) Pune 2014}) 12... Bd7 13. O-O Nc7 14. Bg5 $36 {[%mdl 2048] White fights for an advantage.} b5 15. Qf4 b4 (15... Re5 $11 {keeps the balance.}) 16. Nce2 $16 Qe7 $2 ({Black should try} 16... Rc8 $14) 17. Qh4 $1 $18 Rec8 18. Bc4 Nce8 {[#]} 19. f4 $1 a6 {[#]} 20. e5 $1 dxe5 {[#]} 21. Ne4 $1 {[%mdl 512] Strongly threatening d6!} Bb5 (21... Nxe4 22. Bxe7) 22. Bxb5 axb5 23. fxe5 Qxe5 24. Bxf6 Nxf6 25. Nxf6+ Bxf6 26. Qxf6 Qxe2 $2 (26... Qxd5 27. Rfd1 Qe6 28. Qxe6 fxe6) 27. Rae1 (27. Qxf7+ $142 Kh8 28. Rae1 Qxf1+ 29. Rxf1) 27... Qd3 28. Qxf7+ Kh8 29. Re7 {Precision: White = 59%, Black = 45%.} 1-0

[Event "II Duchamp Open 2018"]
[Site "Rio de Janeiro"]
[Date "2018.11.14"]
[Round "1"]
[White "Roselli Mailhe, Bernardo"]
[Black "Urquiza, Marcello de Albuque"]
[Result "1-0"]
[WhiteElo "2421"]
[BlackElo "2018"]
[Annotator "TA"]
[PlyCount "81"]
[EventDate "2018.11.14"]
[EventType "swiss"]
[EventCountry "BRA"]
[SourceTitle "playchess.com"]
[Source "ChessBase"]
[SourceQuality "1"]

{[%evp 23,81,33,30,45,68,49,60,70,48,48,54,56,56,66,67,59,89,75,133,126,120,65,68,73,297,292,318,315,310,308,302,240,300,239,236,231,246,243,250,217,235,224,289,277,395,383,381,341,348,342,356,340,464,455,510,506,638,631,639,636]} 1. d4 d5 2. c4 dxc4 3. Nf3 Nf6 4. e3 e6 5. Bxc4 c5 6. O-O a6 7. Qe2 b5 8. Bd3 Nc6 9. a4 b4 10. dxc5 Bxc5 11. Rd1 Qc7 12. Nbd2 {D28: Queen's Gambit Accepted: Classical main line: 7 Qe2 with early ...Nc6} O-O {LiveBook: 3 Games} 13. Nb3 Bd6 14. e4 {White is slightly better.} Bb7 15. Bg5 Ng4 {[%cal Rd6h2]} 16. h3 Nge5 {[#]} 17. Nxe5 $146 Nxe5 18. Rac1 Qb8 $1 19. Bb1 {[%cal Bd3b1,Bb1a2,Ba2e6][%mdl 32]} a5 20. Nc5 Bxc5 (20... Bc8 $142) 21. Rxc5 $16 {Black must now prevent Be7.} Ba6 22. Qc2 ({White should play} 22. Qe3 $16) 22... f6 $14 23. Be3 $36 {[%mdl 2048] aiming for Ba2. Black is under strong pressure.} Rc8 $2 {[#]} (23... b3 $16 24. Qc3 Rc8) 24. Ba2 $18 Rxc5 25. Bxe6+ (25. Bxc5 Qc7 $14) ({Inferior is} 25. Qxc5 b3 $11) 25... Kh8 26. Qxc5 ({Not} 26. Bxc5 Qc7 $16) 26... Qf8 27. Qxf8+ Rxf8 28. Rd6 Bc4 29. b3 Bxe6 30. Rxe6 {[%mdl 4096] Endgame KRB-KRN} Ra8 31. Rd6 Kg8 32. f4 Nf7 33. Rd5 g6 (33... Ra6 $142 34. Kf2 Kf8) 34. Bb6 Re8 35. Rd4 Ra8 36. Kf2 Ra6 37. Bc7 Kf8 38. Rd5 {White is clearly winning.} Re6 39. Ke3 f5 40. e5 Rc6 41. Bxa5 {Precision: White = 86%, Black = 44%.} 1-0

[Event "II Duchamp Open 2018"]
[Site "Rio de Janeiro"]
[Date "2018.11.14"]
[Round "1"]
[White "Brito, Luismar"]
[Black "Nascimento, Pedro Henrique Alve"]
[Result "1/2-1/2"]
[WhiteElo "2349"]
[BlackElo "2007"]
[Annotator "TA"]
[PlyCount "71"]
[EventDate "2018.11.14"]
[EventType "swiss"]
[EventCountry "BRA"]
[SourceTitle "playchess.com"]
[Source "ChessBase"]
[SourceQuality "1"]

{[%evp 9,71,0,19,8,14,7,59,18,34,28,26,12,40,16,10,10,62,16,15,0,0,-15,-17,-29,-22,-77,-39,-41,-25,-27,-29,-154,-170,-157,-150,-157,0,0,0,0,0,-231,-235,-274,-217,-229,-198,-222,-249,-235,-122,-128,-137,-129,-130,-160,-156,-159,-78,-85,-96,-97,-97,-90]} 1. Nc3 e6 2. e4 d5 3. d4 Bb4 4. e5 Ne7 5. Bd2 O-O {LiveBook: 26 Games} 6. f4 {C16: French: 3 Nc3 Bb4 4 e5: Lines without ...c5} (6. a3 Bxc3 7. Bxc3 b6 8. Nf3 c5 9. Bd3 h6 10. O-O Ba6 11. b4 Bxd3 12. Qxd3 Nd7 13. dxc5 bxc5 {½-½ (96) Weichhold,P (2425)-Gdanski,J (2455) Zgierz 2018}) 6... Nf5 7. Nf3 Bxc3 $146 (7... Nc6 $11) ({Predecessor:} 7... f6 8. a3 Bxc3 9. Bxc3 fxe5 10. fxe5 Nh4 11. Qe2 Nxf3+ 12. gxf3 Qh4+ 13. Qf2 Qf4 {1-0 (51) Garrido Fernandez,D (2279)-Ryan,J (2302) Barcelona 2010}) 8. bxc3 {White is slightly better.} b6 9. Bd3 c5 10. O-O Ba6 11. Bxf5 exf5 (11... Bxf1 $2 12. Bxh7+ $1 {[%mdl 512]} Kxh7 13. Ng5+ Kg8 14. Qh5 $18) 12. Re1 Nc6 (12... Re8 $11) 13. Be3 cxd4 14. Bxd4 Bc8 15. Re3 Be6 16. Ng5 {Strongly threatening Nxh7!} h6 17. Qh5 (17. Nf3 $11) 17... Nxd4 (17... hxg5 $2 18. Rh3 $18) 18. cxd4 hxg5 19. Rh3 {[%csl Gh3][%cal Rh5h8]} f6 {And now ...g4 would win.} 20. fxg5 (20. Qg6 $11 {keeps the balance.} Re8 21. Rf1 gxf4 22. Rxf4) 20... fxg5 $17 21. Qh7+ Kf7 22. Rh6 {aiming for Qg6+.} Ke7 $2 (22... Rg8 $17 {...Qe7 is the strong threat.} 23. Rf1 f4) 23. Qxg7+ $11 Rf7 24. Qg6 Qc8 25. c4 $2 {[#]} (25. Rf1 $11 Qc6 26. Rf3 (26. Qxg5+ Kd7 $17)) 25... Qc6 $1 $19 26. Qxg5+ Kd7 27. Rd1 Re7 ({Resist} 27... Qxc4 28. Qe3 $17) 28. cxd5 Qxd5 29. Rg6 Rg8 (29... Rf8 $19 30. h3 f4) 30. Rxg8 $17 Bxg8 31. Qxf5+ Be6 32. Qg6 Rf7 33. h3 b5 ({But not} 33... Qxa2 $2 {[#]} 34. d5 $1 $18 {[%mdl 512]}) ({Black should play} 33... Kc7 34. Rd2 Rf4) 34. Kh2 {Black is better.} a5 35. Rd2 b4 36. Qd3 {Precision: White = 39%, Black = 37%.} 1/2-1/2

[Event "II Duchamp Open 2018"]
[Site "Rio de Janeiro"]
[Date "2018.11.14"]
[Round "1"]
[White "Rodi, Luis Ernesto"]
[Black "Rodrigues, Nei Jorge"]
[Result "1-0"]
[WhiteElo "2327"]
[BlackElo "1978"]
[Annotator "RC"]
[PlyCount "101"]
[EventDate "2018.11.14"]
[EventType "swiss"]
[EventCountry "BRA"]
[SourceTitle "playchess.com"]
[Source "ChessBase"]
[SourceQuality "1"]
[TimeControl "5400+30"]

1. d4 Nf6 2. Bg5 g6 3. Bxf6 exf6 {[%emt 0:00:44]} 4. e3 {[%emt 0:00:57]} d5 {[%emt 0:03:25]} 5. c4 {[%emt 0:00:30]} c6 {[%emt 0:00:40]} 6. cxd5 {[%emt 0:00:36]} Qxd5 {[%emt 0:02:57]} 7. Nc3 {[%emt 0:00:26]} Qa5 {[%emt 0:02:12]} 8. Bc4 {[%emt 0:04:07]} Bd6 {[%emt 0:06:33]} 9. h4 {[%emt 0:00:47]} h5 {[%emt 0:01:09]} 10. Qc2 {[%emt 0:00:46]} Na6 {[%emt 0:04:15]} 11. Nge2 {[%emt 0:02:37]} b5 {[%emt 0:03:35]} 12. Qe4+ {[%emt 0:00:43]} Kf8 {[%emt 0:00:49]} 13. Qxc6 {[%emt 0:00:59]} bxc4 {[%emt 0:00:18]} 14. Qxa8 {[%emt 0:01:11]} Kg7 {[%emt 0:00:05]} 15. Qd5 {[%emt 0:00:17]} Qb6 {[%emt 0:12:01]} 16. Qxc4 {[%emt 0:05:38]} Bd7 {[%emt 0:02:52]} 17. O-O {[%emt 0:00:54]} Rc8 {[%emt 0:01:30]} 18. Qb3 {[%emt 0:00:14]} Qd8 {[%emt 0:00:36]} 19. Ne4 {[%emt 0:03:58]} Be7 {[%emt 0:03:31]} 20. Nf4 {[%emt 0:03:58]} Rb8 {[%emt 0:03:37]} 21. Qc3 {[%emt 0:01:50]} Bb4 {[%emt 0:07:06]} 22. Qc2 {[%emt 0:01:24]} Bf5 {[%emt 0:03:05]} 23. Qa4 {[%emt 0:04:15]} Bxe4 {[%emt 0:08:51]} 24. Qxa6 {[%emt 0:00:07]} Bd6 {[%emt 0:00:26]} 25. b3 {[%emt 0:01:49]} Qd7 {[%emt 0:09:28]} 26. Qe2 {[%emt 0:04:41]} Re8 {[%emt 0:01:16]} 27. f3 {[%emt 0:04:20]} Bc6 {[%emt 0:02:11]} 28. Qf2 {[%emt 0:00:08]} Qe7 {[%emt 0:06:02]} 29. Rac1 {[%emt 0:02:04]} Bb5 {[%emt 0:00:42]} 30. Rfe1 {[%emt 0:00:10]} Ba3 {[%emt 0:03:44]} 31. Nd5 {[%emt 0:04:09]} Qb7 {[%emt 0:01:17]} 32. e4 {[%emt 0:00:33]} Rd8 {[%emt 0:02:38]} 33. Rc7 {[%emt 0:03:30]} Qb8 {[%emt 0:00:15]} 34. Qc2 {[%emt 0:00:12]} Bd6 {[%emt 0:00:21]} 35. Rc1 {[%emt 0:01:06]} Bd7 {[%emt 0:02:48]} 36. Qc3 {[%emt 0:11:50]} Be6 {[%emt 0:00:30]} 37. Ne3 {[%emt 0:01:37]} Bf4 {[%emt 0:01:35]} 38. Kf2 {[%emt 0:01:18]} Rd7 {[%emt 0:00:14]} 39. Rc8 {[%emt 0:03:43]} Bg3+ {[%emt 0:00:58]} 40. Ke2 {[%emt 0:00:50]} Qf4 {[%emt 0:01:11]} 41. d5 {[%emt 0:01:57]} Bg4 {[%emt 0:00:01]} 42. Qc5 {[%emt 0:03:30]} Rd6 {[%emt 0:00:58]} 43. fxg4 {[%emt 0:00:34]} Qxe4 {[%emt 0:01:47]} 44. Qc4 {[%emt 0:06:03]} Qe5 {[%emt 0:00:45]} 45. Qc3 {[%emt 0:01:09]} Qe4 {[%emt 0:00:22]} 46. Qd3 {[%emt 0:00:14]} Qe5 {[%emt 0:00:25]} 47. R8c4 {[%emt 0:01:10]} hxg4 {[%emt 0:00:48]} 48. Qe4 {[%emt 0:01:36]} Qb2+ {[%emt 0:01:03]} 49. R4c2 {[%emt 0:00:42]} Qa3 {[%emt 0:00:08]} 50. Qxg4 {[%emt 0:00:11]} Be5 {[%emt 0:00:28]} 51. Nf5+ {[%emt 0:00:08]} 1-0

[Event "II Duchamp Open 2018"]
[Site "Rio de Janeiro"]
[Date "2018.11.14"]
[Round "1"]
[White "Larrea, Manuel"]
[Black "Chang, Suzana"]
[Result "1/2-1/2"]
[WhiteElo "2271"]
[BlackElo "1968"]
[Annotator "TA"]
[PlyCount "85"]
[EventDate "2018.11.14"]
[EventType "swiss"]
[EventCountry "BRA"]
[SourceTitle "playchess.com"]
[Source "ChessBase"]
[SourceQuality "1"]

{[%evp 15,85,7,19,21,22,16,25,6,22,18,20,11,25,27,29,0,4,2,2,5,10,0,0,-21,-20,-25,0,-18,-13,-64,0,-118,-123,-154,-86,-86,-87,-87,-114,-104,-109,-95,-87,-77,-76,-64,-50,-42,-30,-36,-31,-44,-44,-58,-52,-53,-45,-118,-118,-116,-111,-111,-113,-127,-129,-119,0,-124,0,-132,0,-113]} 1. e4 e5 2. Nf3 Nc6 3. Bc4 Bc5 4. c3 Nf6 5. d3 a6 6. a4 {C54: Giuoco Piano: 4 c3 Nf6, main lines with 5 d4 and 5 d3} d6 7. O-O Ba7 8. h3 (8. Re1 O-O 9. h3 h6 10. Nbd2 Re8 11. Nf1 Be6 12. Bxe6 Rxe6 13. Be3 Bxe3 14. Nxe3 d5 {½-½ (32) Anand,V (2768)-Grischuk,A (2766) Saint Louis 2018}) 8... h6 {LiveBook: 24 Games} 9. Be3 O-O 10. Bxa7 $146 ({Predecessor:} 10. Nbd2 Ne7 11. a5 Ng6 12. Bb3 Nh7 13. d4 Qf6 14. Ra4 Nf4 {0-1 (59) Nevednichy,V (2551)-Savanovic,A (2448) Lisbon 2018}) 10... Rxa7 11. b4 {[%cal Bb2b4,Bb4b5][%mdl 32]} Ra8 12. Re1 Re8 13. Nbd2 Be6 14. Bxe6 Rxe6 15. b5 Na5 16. d4 Re8 17. Qb1 b6 18. Qb4 Qc8 19. Rac1 axb5 20. axb5 Qe6 21. Ra1 Nh5 22. d5 (22. Kh2 $11) 22... Qd7 ({Black should try} 22... Qg6 $15 23. Nh4 Qf6) 23. Nb3 {[#]} (23. Ra3 $11) 23... Nf4 $1 $17 24. Rad1 Nxb3 (24... f5 $142 25. Nxa5 bxa5) 25. Qxb3 Ra5 26. c4 Rea8 {Threatens to win with ...Ra3.} 27. Re3 Ra2 28. Rd2 Ra1+ 29. Kh2 f5 30. Qc2 Rf8 31. exf5 Rxf5 32. Rd1 Ra5 33. Nd2 Rf8 34. Ne4 Qf5 35. Qb1 Rfa8 36. Ng3 (36. Rde1 $15) 36... Qxb1 37. Rxb1 Ra2 38. Ne4 Rc2 39. Rc3 Re2 40. Re3 Rc2 41. Rc3 $1 {[%cal Rc3c2]} Re2 42. Re3 Rc2 43. Rc3 $1 {Precision: White = 56%, Black = 59%.} 1/2-1/2

[Event "II Duchamp Open 2018"]
[Site "Rio de Janeiro"]
[Date "2018.11.14"]
[Round "1"]
[White "Barreto, Ignacio C. de Barro"]
[Black "Ramos, Angelo Bil"]
[Result "1-0"]
[WhiteElo "2222"]
[BlackElo "1952"]
[Annotator "TA"]
[PlyCount "79"]
[EventDate "2018.11.14"]
[EventType "swiss"]
[EventCountry "BRA"]
[SourceTitle "playchess.com"]
[Source "ChessBase"]
[SourceQuality "1"]

{[%evp 16,79,-22,-27,8,3,13,8,2,-2,27,5,23,26,33,0,9,-27,-18,-18,0,-8,17,-73,-83,-104,-24,-126,-58,-133,-119,-124,-122,-144,-134,-154,-134,-134,-133,-141,-108,-151,-137,-134,-127,-106,-16,-6,-9,-15,-9,-52,-63,-65,0,0,90,100,100,118,102,110,817,823,769,788]} 1. Nf3 Nf6 2. g3 d5 3. Bg2 g6 4. O-O Bg7 5. d3 O-O 6. c3 Nbd7 7. Nbd2 e5 8. Qc2 Re8 9. e4 dxe4 {A07: Réti Opening: New York and Capablanca Systems} 10. Nxe4 Nxe4 11. dxe4 Qe7 {The position is equal.} 12. a4 $146 Nf8 13. b3 f6 {[%cal Bf7f6,Bf6f5][%mdl 32]} 14. a5 a6 15. Nd2 Be6 16. f4 exf4 17. gxf4 f5 {Black wants to play ...Qc5+.} 18. e5 Qc5+ 19. Kh1 (19. Rf2 $11) 19... Bd5 $17 20. Nf3 Be4 $36 {[%mdl 2048] Black has some pressure.} ({Black should play} 20... Ne6 $17 21. Ne1 Rad8) 21. Qa2 (21. b4 $11 {remains equal.}) 21... Ne6 (21... Qxc3 $17 {And now ...Ne6 would win.} 22. b4+ Kh8) 22. Bd2 (22. Nd4 $15 Qxc3 23. Bxe4 fxe4 24. Nxe6 Rxe6 25. Bb2) 22... Rad8 23. b4 Qc6 24. Rae1 Kh8 25. Nh4 Bxg2+ 26. Nxg2 Rd3 27. Kg1 Red8 28. Re2 Bh6 29. Ref2 Qd7 30. Ne1 Qd5 ({Resist} 30... Rxd2 31. Rxd2 Qxd2 32. Qxe6 $15) (30... Rd5 $17 31. Be3 {[#]} Rxe5 $1 {[%mdl 512]}) 31. c4 $11 Rxd2 32. cxd5 Rxa2 33. Rxa2 Rxd5 34. Ng2 Rd4 (34... c6 $15) 35. Rb2 Re4 (35... Nxf4 36. b5) (35... c6 $11 {keeps the balance.}) 36. b5 $16 Ra4 37. bxa6 bxa6 38. Rd1 Rxa5 $2 {[%mdl 8192] [#]} (38... Bf8 $16) 39. Rb8+ $18 Bf8 40. Re8 {Precision: White = 46%, Black = 46%.} 1-0

[Event "II Duchamp Open 2018"]
[Site "Rio de Janeiro"]
[Date "2018.11.14"]
[Round "1"]
[White "Rocha, Vitor Firmo de Souz"]
[Black "Chaves, Jorge Antonio Torre"]
[Result "1-0"]
[WhiteElo "2174"]
[BlackElo "1922"]
[Annotator "TA"]
[PlyCount "38"]
[EventDate "2018.11.14"]
[EventType "swiss"]
[EventCountry "BRA"]
[SourceTitle "playchess.com"]
[Source "ChessBase"]
[SourceQuality "1"]

{[%evp 9,10,-18,-14]} 1. e4 e5 2. Nf3 Nc6 3. Bc4 Nf6 4. d4 exd4 5. e5 d5 {[%mdl 32768] LiveBook: 1079 Games. Loss on Time!?} {Predecessor:} 6. Bb5 $146 Ne4 7. Nxd4 Bd7 8. Bxc6 bxc6 9. O-O Bc5 10. f3 Ng5 11. Be3 Bb6 12. f4 Ne6 13. c3 g6 14. Nd2 Qe7 15. Qf3 Rb8 16. b3 c5 17. Ne2 d4 18. Bf2 O-O 19. Ne4 Bc6 {1-0 (46) Perez Candelario,M (2590)-Eljanov,P (2703) Batumi 2018} 1-0